00774nam a2200217Ia 450000500170000000800410001702000180005802000180007604000530009404100080014724500720015526000580022730000390028549000420032465000250036665000200039165000430041165000400045470000310049470000310052520160208111756.0130821s2010 xxua gr eng  a9780230238800 a9780230238817 aCo-BoUCMbspacLuz Cupitra (modificó)d[Nuevo]00aeng00aMicroeconometricsceditado por Steven N. Durlauf, Lawrence E. Blume aNueva York (Estados Unidos)bPalgrave Macmillanc2010 aviii, 354 páginasbilustraciones3 aThe New Palgrave Economics Collection04aEconomía gerencial04aMicroeconomía04aMicroeconomíavModelos matemáticos04aProducción (Teoría económica)1 aBlume, Lawrence E.eeditor1 aDurlauf, Steven N.eeditor